[Event "Moquegua Ilo GP"]
[Site "Moquegua Ilo"]
[Date "2017.11.03"]
[Round "5"]
[White "Valenzuela Pumarimay, Cesar"]
[Black "Santiago Lastra, Nefi"]
[Result "0-1"]
[WhiteElo "1637"]
[BlackElo "1939"]
[PlyCount "72"]
[EventDate "2017.11.01"]
[EventType "swiss"]
[EventRounds "8"]
[EventCountry "PER"]
[SourceTitle "CBM 181 Extra"]
[Source "ChessBase"]
[SourceDate "2017.12.12"]
[SourceVersion "1"]
[SourceVersionDate "2017.12.12"]
[SourceQuality "1"]

1. Nf3 g6 2. g3 Bg7 3. Bg2 d6 4. d4 c6 5. c3 Nd7 6. Na3 Qc7 7. Nc2 h6 8. Qd3 e5 9. 0-0 Ne7 10. e4 0-0 11. Be3 a5 12. Qd2 Kh7 13. Nh4 Nb6 14. b3 g5 15. Nf3 Ng6 16. dxe5 dxe5 17. Bc5 Rd8 18. Qe3 Nd7 19. Rad1 Nxc5 20. Qxc5 Bf8 21. Qe3 Be6 22. h4 gxh4 23. Nxh4 Nxh4 24. gxh4 Be7 25. f4 Rxd1 26. Rxd1 exf4 27. Qd3 Rd8 28. Qf3 Rxd1+ 29. Qxd1 Bxh4 30. Nd4 Qd8 31. Qh5 Qg5 32. Qf3 Qg3 33. Qh5 Qf2+ 34. Kh1 Qe1+ 35. Bf1 Qxf1+ 36. Kh2 Bg3# 0-1